Statistics for 'Boy' things

Click here to take the quiz!

General Stats

  • This quiz has been taken 20 times
  • The average score is 4 of 20

Answer Stats

HintAnswer% Correct
Lead singer of 'Culture Club'Boy George
82%
"Male vocal group"Boy Band
76%
Example of the above, with Stephen Gately & Ronan KeatingBoyzone
53%
1976 song by Thin LizzyThe Boys Are Back In Town
35%
Sitcom chronicling the life of Cory MatthewsBoy Meets World
29%
Manga series & film, known in Japan as Mighty AtomAstro Boy
24%
Enemies of the Powerpuff GirlsRowdyruff Boys
18%
Derek Trotter's friend Herman, a.k.aBoycie
12%
Neil Tennant & Chris LowePet Shop Boys
12%
Novel about a Jewish boy named ShmuelThe Boy in the Striped Pyjamas
6%
British drama about Yosser Hughes' strugglesBoys from the Blackstuff
6%
French sea fort, once a prison & then setting for a TV gameshowFort Boyard
6%
Nickname of Union Pacific 4000-class steam locomotiveBig Boy
6%
1991 drama film by John SingletonBoyz n the Hood
6%
Author of that novelJohn Boyne
0%
Sandy Wilson musicalThe Boyfriend
0%
Armitage Pet Care brand of dog treatsGood Boy
0%
British slang for a sharp-witted manWide Boy
0%
Statue marking where the Great Fire of London was stoppedThe Golden Boy of Pye Corner
0%
If you wake him he's sure to cryLittle Boy Blue
0%

Score Distribution

Percentile by Number Answered

Percent of People with Each Score

Your Score History

You have not taken this quiz